| 000 | 00726nam a22001815i 4500 | ||
|---|---|---|---|
| 001 | 152285 | ||
| 003 | ES-MaACL | ||
| 005 | 20250901032927.0 | ||
| 008 | 051014s1831 fr | |||||||| ||fre d | ||
| 040 |
_aCAM _bspa _cCAM |
||
| 100 | 1 |
_aBodin, Laurent. _929707 |
|
| 245 | 1 | 0 |
_aPrécis sur le cholera morbus et sur la contagion _b: ouvrage utile non seulement aux médecins, mais encore aux administrateurs civils et militaires, aux chefs d'établissement, etc. / _cpar Laurent Bodin. |
| 260 |
_aTours : _b[s.n.], _c1831 ( _fImprimerie de Amand Mame) |
||
| 300 |
_a79 p. ; _c21 cm. |
||
| 650 | 7 |
_aCólera _2embne _911143 |
|
| 852 |
_aES-MaACL _jT-486-F-3 _z-- Enc. hol. _z-- Enc. en un vol. facticio |
||
| 999 |
_c152285 _d152285 |
||